000 01108nam a22002657a 4500
999 _c64864
_d64864
005 20240530110755.0
008 181227s2017 ua f 000 0 ara d
017 _a2009/24608
_bمصر. دار الكتب
020 _a9789770463268
040 _aEG-CaGPL
_cEG-CaGPL
082 0 4 _221
_a341.37/
_bق/ح ح
100 0 _aحسين سعد سند
245 1 2 _aالمواجهة الجنائية لجرائم الهجرة غير الشرعية فى ضوء القانون رقم 82 لسنة 2016 والقانون المقارن /
_cاعداد حسين سعد سند، معمر رتيب محمد عبدالحافظ
250 _aط.1
260 _aالقاهرة :
_bدار النهضة العربية،
_c2017.
300 _a162 ص. ؛
_c24 سم.
504 _aيشتمل على ارجاعات ببليوجرافية
650 0 7 _2qrmak
_aالمعاهدات
650 0 7 _2qrmak
_aالاتفاقيات الثقافية
650 0 7 _2qrmak
_aالحقوق الدولية
651 _2qrmak
653 0 _aالاثار - معاهدات
942 _2ddc
_cBK